01074pam a2200265 a 4500003000900000005001700009008004100026020001500067020001800082040003800100050002200138082001500160100004500175245015000220250001700370264016800387300002800555336002100583337002300604338003200627504005100659650001800710700002000728856006000748EG-GICUC20260203093351.0890621s1989 enk frb 001 0 eng d a0719022789 a9780719022784 aDLCcDLCdDLCdEG-GICUCbengerda00aK3240.4b.R6 198900a341.482211 aRobertson, A. H.q(Arthur Henry),d1913-10aHuman rights in the world :ban introduction to the study of the international protection of human rights /cby A.H. Robertson and J.G. Merrills. a3rd edition. aManchester [England] ;aNew York :bManchester University Press ;aNew York, NY, USA :bDistributed exclusively in the USA and Canada by St. Martin's Press,c1989. avi, 314 peges ;c23 cm. atext2rdacontent aComputer2rdamedia aOnline Resource2rdacarrier aIncludes bibliographical references and index. 0aHuman rights.1 aMerrills, J. G.40uhttps://fll.law.cu.edu.eg/fulltext/bks/ENGB11-00112.pdf